Rekordný nadhod Jokeľa Víťazom vzpieračskej ligy Jednota VSS Košice

Bibliographic Details
Main Author: (sou) (Author)
Corporate Author: Jednota VSS Košice (Author)
Format: Article
Language:Slovak
Subjects:

MARC

LEADER 00000nab a2200000 a 4500
001 vtls000918665
003 SK-MaSNL
005 20260303034232.0
008 040720e19931025xo 0 slo
035 |a KE27542 
040 |a KEVKJB  |b slo  |c KEVKJB  |e AACR2 
041 0 |a slo 
044 |a xo  |c SK 
080 |a 796.88  |2 1981 
100 0 |a (sou)  |4 aut  |9 842305 
245 1 0 |a Rekordný nadhod Jokeľa  |b Víťazom vzpieračskej ligy Jednota VSS Košice 
610 2 7 |a Jednota VSS Košice  |2 KEVKJB  |9 873382 
650 0 7 |a vzpieranie  |2 KEVKJB  |9 3253 
650 0 7 |a úspechy športové  |2 KEVKJB  |9 873251 
651 7 |a KE,  |2 KEVKJB  |9 877256 
655 7 |a periodikum  |2 snkbucl  |9 29553 
710 2 |a Jednota VSS Košice  |4 aut  |9 873382 
773 0 8 |t Šport  |g Roč. 47  |g Roč. 20, č.249, 25.10.1993, s. 4 
852 |a ZVYKNI  |b KIS3GCP 
999 |c 1672829  |d 1674759